Estudios sobre iconología /

Сохранить в:
Библиографические подробности
Главный автор: Panofsky, Erwin (autor)
Другие авторы: Lafuente Ferrari, Enrique (prólogo) (prólogo)
Формат:
Язык:испанский
Опубликовано: Madrid, España : Alianza, 1972, c1972
Серии:(Alianza Universidad ; 12)
Предметы:
Метки: Добавить метку
Нет меток, Требуется 1-ая метка записи!

MARC

LEADER 00000nam^a2200000^a^4500
001 000263925
005 20250521000000.0
009 20260310110631.281
037 |a Acervo ITESO - Biblioteca 
041 |a ESP 
082 |a 709.  |b PAN 
100 |a Panofsky, Erwin  |e (autor) 
245 1 0 |a Estudios sobre iconología /  |c E. Panofsky ; pról. de E. Lafuente Ferrari ; tr. por Bernardo Fernández. 
264 4 |a Madrid, España :  |b Alianza,  |c 1972, c1972 
300 |a XL, 350 p. 
336 |a texto  |b txt  |2 rdacontenido 
337 |a sin mediación  |b n  |2 rdamedio 
338 |a volumen  |b nc  |2 rdasoporte 
440 1 |a (Alianza Universidad ;  |v 12) 
500 |a Traducción de: Studies in Iconology 
649 |a XX 
650 |a Cupido en el Arte -  |x Historia y Crítica 
650 |a Tiempo en el Arte -  |x Historia y Crítica 
650 |a Iconografía -  |x Tema Principal 
650 |a Estética 
650 |a Arte Renacentista -  |x Historia y Crítica 
650 |a Arte Italiano -  |x Historia y Crítica 
650 |a Cosimo, Piero di 
650 |a Bandinelli, Baccio 
600 |a Tiziano 
600 |a Miguel Angel 
700 |a Lafuente Ferrari, Enrique  |e (prólogo) 
910 |a Fondo General 
920 |a Impresos - Libros 
930 |a Colección General 
905 |a 101 
901 |a 0500012529  |b IT1  |c ACC  |u 20250521 
902 |a https://opac.biblio.iteso.mx/vufind/Record/000263925